Disease - Lady Gaga (All Lyrics) - Statistics

General Stats
  • This quiz has been taken 338 times
  • The average score is 257 of 295
Answer Stats
Lyrics % Correct
I
99%
ya
99%
you
99%
You
99%
a
98%
disease
98%
's
98%
be
96%
cure
95%
Cure
95%
me
95%
the
95%
to
95%
your
95%
Like
94%
like
94%
're
93%
can
92%
in
92%
on
91%
could
90%
die
90%
for
90%
are
89%
gonna
88%
make
87%
one
87%
baby
86%
doctor
86%
If
86%
believe
85%
no
85%
sinner
84%
three
84%
two
84%
inside
83%
tonight
83%
There
82%
there
82%
Eyes
81%
more
81%
Poison
81%
cry
80%
down
80%
out
80%
Screamin'
80%
tears
80%
antidote
79%
life
78%
play
78%
were
77%
Lay
75%
roll
75%
back
73%
of
73%
when
73%
beggin'
72%
been
70%
Runnin'
70%
sickness
70%
so
70%
heard
69%
medicine
69%
with
69%
ever
67%
ecstasy
66%
sleep
66%
've
66%
tortured
64%
god
63%
than
61%
prayer
60%
without
60%
worse
60%
all
58%
and
57%
reach
57%
smell
56%
memories
55%
desire
42%
Bring
39%
know
37%
secrets
36%
Plagued
33%
No matching quizzes found
Score Distribution
Percent of People with Each Score
Percentile by Number Answered
Your Score History
You have not taken this quiz